|
|
|
|
| LEADER |
00000cam a22000004a 4500 |
| 001 |
musev2_20896 |
| 003 |
MdBmJHUP |
| 005 |
20230905042230.0 |
| 006 |
m o d |
| 007 |
cr||||||||nn|n |
| 008 |
100712s2008 dcu o 00 0 eng d |
| 020 |
|
|
|a 9780813218403
|
| 020 |
|
|
|z 9780813215402
|
| 035 |
|
|
|a (OCoLC)647018261
|
| 040 |
|
|
|a MdBmJHUP
|c MdBmJHUP
|
| 100 |
1 |
|
|a Cunningham, Stanley B.,
|d 1934-
|
| 245 |
1 |
0 |
|a Reclaiming Moral Agency :
|b The Moral Philosophy of Albert the Great /
|c Stanley B. Cunningham.
|
| 264 |
|
1 |
|a Washington, D.C. :
|b Catholic University of America Press,
|c 2008.
|
| 264 |
|
3 |
|a Baltimore, Md. :
|b Project MUSE,
|c 2013
|
| 264 |
|
4 |
|c ©2008.
|
| 300 |
|
|
|a 1 online resource (307 pages).
|
| 336 |
|
|
|a text
|b txt
|2 rdacontent
|
| 337 |
|
|
|a computer
|b c
|2 rdamedia
|
| 338 |
|
|
|a online resource
|b cr
|2 rdacarrier
|
| 505 |
0 |
|
|a Albert and the career of virtue theory -- Modern virtue theory as foreground to Albert's moral philosophy -- Albert's ethical treatises -- The significance of Albert's moral treatises in early-thirteenth-century moral philosophy -- Approaching the moral order -- Meta-ethical reflections on "moral science" and its procedures -- The metaphysics of the good -- The architecture of moral goodness -- The genesis of virtue : intrinsic causes -- The genesis of virtue : extrinsic causes -- The concept of virtue -- The organization of the virtues -- The passions -- Morality, obligation, and law -- Natural law -- Virtue's rewards -- Friendship -- Last ends and happiness -- Conclusion: Albertus redux.
|
| 588 |
|
|
|a Description based on print version record.
|
| 600 |
1 |
7 |
|a Albertus (Magnus)
|2 swd
|
| 600 |
0 |
7 |
|a Albertus,
|c Magnus, Saint,
|d 1193?-1280.
|2 fast
|0 (OCoLC)fst00066827
|
| 600 |
0 |
0 |
|a Albertus,
|c Magnus, Saint,
|d 1193?-1280
|x Ethics.
|
| 650 |
|
7 |
|a Ethik
|2 gnd
|
| 650 |
|
7 |
|a Ethics, Medieval.
|2 fast
|0 (OCoLC)fst00915880
|
| 650 |
|
7 |
|a Ethics.
|2 fast
|0 (OCoLC)fst00915833
|
| 650 |
|
7 |
|a PHILOSOPHY
|x Social.
|2 bisacsh
|
| 650 |
|
7 |
|a PHILOSOPHY
|x Ethics & Moral Philosophy.
|2 bisacsh
|
| 650 |
|
6 |
|a Morale medievale.
|
| 650 |
|
0 |
|a Ethics, Medieval.
|
| 655 |
|
7 |
|a Electronic books.
|2 local
|
| 710 |
2 |
|
|a Project Muse.
|e distributor
|
| 830 |
|
0 |
|a Book collections on Project MUSE.
|
| 856 |
4 |
0 |
|z Texto completo
|u https://projectmuse.uam.elogim.com/book/20896/
|
| 945 |
|
|
|a Project MUSE - Custom Collection
|
| 945 |
|
|
|a Project MUSE - Archive Complete Supplement
|
| 945 |
|
|
|a Project MUSE - Archive Philosophy and Religion Supplement
|